2011 Nascar Sprint Cup Series Daytona 500 Grid - Statistics

General Stats
  • This quiz has been taken 22 times
    20 since last reset
  • The average score is 35 of 43
Answer Stats
Grid Driver Name % Correct
24 Brad Keselowski
100%
18 Carl Edwards
100%
5 Clint Bowyer
100%
16 David Ragan
100%
21 Denny Hamlin
100%
2 Jeff Gordon
100%
15 Jimmie Johnson
100%
34 Joey Logano
100%
29 Kasey Kahne
100%
14 Kevin Harvick
100%
41 Robby Gordon
100%
10 Tony Stewart
100%
31 Bobby Labonte
92%
32 Brian Vickers
92%
1 Dale Earnhardt Jr.
92%
9 Greg Biffle
92%
27 Jamie McMurray
92%
11 Kurt Busch
92%
30 Kyle Busch
92%
33 Martin Truex Jr.
92%
22 Matt Kenseth
92%
25 Michael Waltrip
92%
7 Ryan Newman
92%
42 Terry Labonte
92%
3 Trevor Bayne
92%
6 Jeff Burton
85%
12 Juan Pablo Montoya
85%
13 Marcos Ambrose
85%
8 Mark Martin
85%
4 Paul Menard
85%
37 Casey Mears
69%
26 Dave Blaney
69%
38 David Gilliland
69%
23 David Reutimann
69%
28 Regan Smith
69%
20 Travis Kvapil
54%
17 Bill Elliot
46%
40 Michael McDowell
46%
36 Kevin Conway
38%
39 Steve Wallace
38%
19 A.J. Almendinger
31%
43 Robert Richardson Jr.
23%
35 Todd Bodine
23%
No matching quizzes found
Score Distribution
Percent of People with Each Score
Percentile by Number Answered
Your Score History
You have not taken this quiz since the last reset